000 00492nmm a2200169Ia 4500
008 251105s9999||||xx |||||||||||||||||und||
020 _a9788417873394
041 _aspa
100 _aSebbag, Georges
245 0 _aBreton y el cine
264 _a[Madrid, España] :
_bPrensas Universitarias de Zaragoza,
_c2019
300 _a109 páginas
490 _aLuis Buñuel. Cine y Vanguardias
650 _aFilm studies
856 _uhttps://public.digitaliapublishing.com/a/59293
942 _cCF
999 _c79188
_d79188